| 000 | 01325pam a2200361 a 4500 | ||
|---|---|---|---|
| 001 | 1656012 | ||
| 003 | NUST - PNEC | ||
| 005 | 20170116180841.0 | ||
| 008 | 971222s1998 nyua 001 0 eng | ||
| 010 | _a 97052244 | ||
| 020 | _a0070540187 (pbk.) | ||
| 020 | _a0070587248 | ||
| 040 |
_aDLC _cDLC _dDLC |
||
| 050 | 0 | 0 |
_aQC174.12 _b.P415 1998 |
| 082 | 0 | 0 | _a530.12 PEL |
| 100 | 1 | _aPeleg, Yoav. | |
| 245 | 1 | 0 |
_aSchaum's outline of theory and problems of quantum mechanics / _cYoav Peleg, Reuven Pnini, Elyahu Zaarur. |
| 246 | 3 | 0 | _aTheory and problems of quantum mechanics |
| 246 | 3 | 0 | _aQuantum mechanics |
| 260 |
_aNew York : _bMcGraw-Hill, _cc1998. |
||
| 300 |
_avii, 312 p. : _bill. ; _c28 cm. |
||
| 490 | 0 | _aSchaum's outline series | |
| 500 | _aIncludes index. | ||
| 650 | 0 |
_aQuantum theory. _xME |
|
| 650 | 0 |
_aQuantum theory _xProblems, exercises, etc. |
|
| 700 | 1 | _aPnini, Reuven. | |
| 700 | 1 | _aZaarur, Elyahu. | |
| 856 | 4 | 2 |
_3Publisher description _uhttp://www.loc.gov/catdir/description/mh023/97052244.html |
| 856 | 4 | 1 |
_3Table of contents _uhttp://www.loc.gov/catdir/toc/mh022/97052244.html |
| 906 |
_a7 _bcbc _corignew _d1 _eocip _f19 _gy-gencatlg |
||
| 942 |
_2ddc _cBK |
||
| 999 |
_c64401 _d64401 |
||